Sociedades extranacionales y multinacionales (Registro nro. 7454)
[ vista simple ]
| 000 -LEADER | |
|---|---|
| fixed length control field | 00830 a2200205 4500 |
| 001 - CONTROL NUMBER | |
| control field | 61864 |
| 005 - DATE AND TIME OF LATEST TRANSACTION | |
| control field | 20260407155910.0 |
| 008 - FIXED-LENGTH DATA ELEMENTS--GENERAL INFORMATION | |
| fixed length control field | 260407a1974 arg spa d |
| 003 - CONTROL NUMBER IDENTIFIER | |
| control field | AR-UNSa-BCEJYS |
| 040 ## - CATALOGING SOURCE | |
| Original cataloging agency | AR-UNSa-BCEJYS |
| Language of cataloging | spa |
| Transcribing agency | AR-UNSa-BCEJYS |
| 080 ## - UNIVERSAL DECIMAL CLASSIFICATION NUMBER | |
| Universal Decimal Classification number | 334.726 |
| Common auxiliary subdivision | Empresas multinacionales |
| 041 ## - LANGUAGE CODE | |
| Language code of text/sound track or separate title | spa |
| 100 1# - MAIN ENTRY--PERSONAL NAME | |
| Personal name | Biocca, Stella Maris |
| 245 10 - TITLE STATEMENT | |
| Title | Sociedades extranacionales y multinacionales |
| 264 #1 - PRODUCTION, PUBLICATION, DISTRIBUTION, MANUFACTURE, AND COPYRIGHT NOTICE | |
| Place of production, publication, distribution, manufacture | Buenos Aires : |
| Name of producer, publisher, distributor, manufacturer | Víctor P. de Zavalía |
| Date of production, publication, distribution, manufacture, or copyright notice | 1974 |
| 300 ## - PHYSICAL DESCRIPTION | |
| Extent | 142 p. |
| Dimensions | 22 cm. |
| 505 ## - FORMATTED CONTENTS NOTE | |
| Formatted contents note | 1. Introducción - 2. Actuación internacional de las sociedades - 3. Nacionalidad de las sociedades - 4. Sociedades y corporaciones extranacionales, trasnacionales y multinacionales - 5. Mecanismos defensivos - 6. Radicación de capitales extranjeros - |
| 590 ## - LOCAL NOTE (RLIN) | |
| Local note | niveau_biblio:m niveau_hierar:0 |
| 942 ## - ADDED ENTRY ELEMENTS (KOHA) | |
| Koha item type | |
| Withdrawn status | Lost status | Damaged status | Not for loan | Home library | Current library | Shelving location | Date acquired | Total checkouts | Full call number | Barcode | Date last seen | Price effective from | Koha item type |
|---|---|---|---|---|---|---|---|---|---|---|---|---|---|
| Biblioteca Prof. Eusebio Cleto del Rey | Biblioteca Prof. Eusebio Cleto del Rey | 07/04/2026 | 334.726 B615 | L25678 | 07/04/2026 | 07/04/2026 | Libro |